| 000 | 00421nam a22001577a 4500 | ||
|---|---|---|---|
| 003 | LK-CoDNM | ||
| 005 | 20241211095140.0 | ||
| 008 | 241211b |||||||| |||| 00| 0 eng d | ||
| 040 |
_aLK-CoDNM _dLK-CoDNM _eLK-CoDNM |
||
| 041 | _asin | ||
| 080 |
_a954.37 _bPL |
||
| 100 | _aකේ.එච් ද සිල්වා | ||
| 245 | _aයාපා පටුන වංස කථාව | ||
| 300 | _a7P. ; 22 CM | ||
| 942 | _cBK | ||
| 999 |
_c233220 _d233220 |
||